| 000 -LEADER |
| fixed length control field |
00760cam a2200241 i 4500 |
| 020 ## - INTERNATIONAL STANDARD BOOK NUMBER |
| ISBN |
9789995052966 |
| 040 ## - CATALOGING SOURCE |
| Transcribing agency |
DLC |
| 082 ## - DEWEY DECIMAL CLASSIFICATION NUMBER |
| Classification number |
363 IMP 2014 C106 Or. |
| 100 1# - MAIN ENTRY--AUTHOR NAME |
| Personal name |
Theng, Vuthy, |
| 245 10 - TITLE STATEMENT |
| Title |
Impact of farmer organisations on food security : |
| Remainder of title |
the case of rural Cambodia / |
| 300 ## - PHYSICAL DESCRIPTION |
| Number of Pages |
x, 69 pages ; |
| Dimensions |
30 cm |
| 490 0# - SERIES STATEMENT |
| Series statement |
CDRI working paper series ; |
| 500 ## - GENERAL NOTE |
| General note |
"August 2014." |
| 650 #0 - SUBJECT ADDED ENTRY--TOPICAL TERM |
| Topical Term |
Farmers |
| 650 #0 - SUBJECT ADDED ENTRY--TOPICAL TERM |
| Topical Term |
Food security |
| 700 1# - ADDED ENTRY--PERSONAL NAME |
| Personal name |
Keo, Socheat, |
| 700 1# - ADDED ENTRY--PERSONAL NAME |
| Personal name |
Nou, Keosothea, |
| 700 1# - ADDED ENTRY--PERSONAL NAME |
| Personal name |
Sum, Sreymom, |
| 700 1# - ADDED ENTRY--PERSONAL NAME |
| Personal name |
Khiev, Pirom, |
| 710 2# - ADDED ENTRY--CORPORATE NAME |
| Corporate name or jurisdiction name as entry element |
Vidyāsthān Paṇṭuḥ Paṇṭāl niṅ Srāvjrāv ṭoempī Qabhivaḍḍhn ̊Kambujā, |
| 856 41 - ELECTRONIC LOCATION AND ACCESS |
| Uniform Resource Identifier |
http://www.loc.gov/catdir/toc/fy16pdf01/2014315013.html |
| 942 ## - ADDED ENTRY ELEMENTS (KOHA) |
| Koha item type |
ADB |
| 952 ## - LOCATION AND ITEM INFORMATION (KOHA) |
| Withdrawn status [LOCAL, KOHA] |
0 |